00496nam a2200193 a 4500001001300000003000900013005001700022008004100039020002300080082001700103100001900120245002200139260003600161300000900197500003500206505002000241650002200261700001900283nice12345678IN_TiNIC20260116013747.0050524s1982 newa grp 000 0 eng  a8173046 c15000a294.661bSIN aSingh, Harbans aGuru Tegh Bahadur aNew Delhi bManohar Pub. c1982 a120p aincludes index and biblioraphy2 aGlossary, Index aGuru Tegh Bahadur1 aSingh, Harbans